Methodology for the Digital Calibration of Analog Circuits and Systems : with Case Studies

Gespeichert in:
Bibliographische Detailangaben
1. Verfasser: Pastre, Marc (Verfasst von)
Weitere Verfasser: Kayal, Maher (Leitung des Forschungsteams)
Format: Buch
Sprache:Englisch
Veröffentlicht: Dordrecht : Springer Verlag, 2006
Schlagworte:
Tags: Tag hinzufügen
Keine Tags, Fügen Sie das erste Tag hinzu!

MARC

LEADER 00000nam a22000003a 4500
001 stu153713
005 20230512110302.7
008 071207s2006----ne------------------eng-d
020 |a 978-90-481-7087-6 
040 |a STU  |b slo 
041 0 |a eng 
044 |a ne 
080 |a 621.382.049.77 
080 |a 621.372.037.33 
100 1 |a Pastre, Marc  |4 aut 
245 1 |a Methodology for the Digital Calibration of Analog Circuits and Systems :  |b with Case Studies 
260 |a Dordrecht :  |b Springer Verlag,  |c 2006 
300 |a 257 s. 
650 7 |a integrované obvody  |2 stusub 
700 1 |a Kayal, Maher  |4 rth 
996 |b 284EK87096  |c E*87096  |l EE11  |s P  |a 0  |w stu153713_0001 
996 |b 284EK89795  |c E* 89795  |l EE33  |s P  |a 0  |w stu153713_0002